000 00882nas a2200277 4500
001 BR2019000272
003 BR-BrBNA
005 20231205131551.0
007 ta
008 230509b bl.|||p| |||| 00| 00por d
040 _aBR-BrBNA
_bpor
_cBiblioteca Nacional de Agricultura
041 _a(En)
072 _aF61
100 1 _aKurihara, C.H.
100 1 _aKikuti, H.
100 1 _aBinotti, F.F. da S.
100 1 _aSilva, C.J. da
245 1 _aNutrient accumulation, export and cycling in Jatropha curcas L.
650 _aPINHÃO DE PURGA
650 _aADUBAÇÃO
650 _aABSORÇÃO DE NUTRIENTES
773 0 _tRevista Ceres (Brazil)
_xISSN 2177-3491
_g(May-Jun 2016), v. 63(3) p. 361-370
_wBR2019000272
856 4 0 _uhttp://www.scielo.br/pdf/rceres/v63n3/2177-3491-rceres-63-03-00361.pdf
909 _a202311
_bLúcia
_c55
_dLúcia Elande
942 _2AGRIS
_n0
_cANA
999 _c255491
_d255491